1019 1517 1361 1540 1822 1693 1053 1990 1440 1594 1225 1679 1238 1966 1394 1403 1965 1581 1609 1745 1657 1399 1456 1645 1445 1170 1190 1875 1107 1736 1022 1917 1059 1312 1618 1099 1495 1985 1887 1847 1868 1002 1867 1488 1717 1477 1362 1726 1890 1090 1094 1783 1688 1540 1397 1906 1404 1323 1785 1246 1034 1240 1116 1819 1003 1514 1099 1686 1064 1360 1613 1726 1174 1288 1861 1461 1257 1292 1667 1379 1020 1768 1190 1907 1679 1716 1533 1308 1491 1666 1129 1246 1829 1760 1649 1165 1031 1789 1386 BCNSPRNW ULIB Ver.6.0+V

เปลี่ยนเป็นภาษาไทย

Change to English
 แสดงรายละเอียดบรรณานุกรม
  กลับหน้าหลัก

Brief Record : Get Marc (ISO 2709) : E-mail record : QR code < ปิดหน้าต่าง
LEADER : 00000nam 2200000uu 4500
001    13399112728
003     ULIB
008    110907s2551||||th 000 0 tha d
020    9789740323037
050  4 LB1027^bพ718ก 2551
100 0  พิมพันธ์ เดชะคุปต์
245 10 การสอนคิดด้วยโครงงานการเรียนการสอนแบบบูรณาการ /^cพิมพันธ์ เดชะคุปต์, พเยาว์ ยินดีสุข, พันตรี ราเชน มีศรี
250    พิมพ์ครั้งที่ 1
260    กรุงเทพฯ :^bโรงพิมพ์แห่งจุฬาลงกรณ์มหาวิทยาลัย,^c2551
300    199 หน้า :^bภาพประกอบ ;^c21 ซม.
650  4 การวางแผนหลักสูตร
650  4 หลักสูตร
945    ^p185^l0^i026080
945    ^p185^l0^i026081
945    ^p185^l0^i026082
995    ทศพร
999 ^a ทศพร
รายการนี้ยังไม่มีแท็ก
คุณยังไม่ได้ล็อกอิน คุณสามารถมีกิจกรรมร่วมกับเว็บไซต์ได้ แต่ต้องล็อกอินก่อน ::
  ล็อกอิน

รายการสื่อสารสนเทศ

ลำดับที่ ประเภท เลขเรียก/บาร์โค้ด สถานที่ สถานะ
- ไม่พบข้อมูล -

รายการใกล้เคียง
    ผู้แต่ง [พิมพันธ์ เดชะคุปต์]

    หัวเรื่อง [การวางแผนหลักสูตร]
    หัวเรื่อง [หลักสูตร]

BibComment


ยังไม่เคยถูกคอมเมนท์

คอมเมนท์ทรัพยากรรายการนี้
  คอมเมนท์: การสอนคิดด้วยโครง..


 Copyright 2026. Bcnsprnw @Library